Statistics for Biggest Cities Whose Name End with "City"

Click here to take the quiz!

General Stats

  • This quiz has been taken 128 times
    (93 since last reset)
  • The average score is 6 of 11

Answer Stats

PopulationUrban Area% Correct
23.0 milMexico City
99%
22.1 milNew York City
86%
1.54 milPanama City
79%
3.15 milGuatemala City
78%
4.75 milKuwait City
67%
1.99 milKansas City
50%
1.14 milOklahoma City
50%
2.45 milSalt Lake City
41%
1.65 milBenin City
30%
8.60 milHo Chi Minh City
25%
1.11 milQuébec City
18%

Score Distribution

Percentile by Number Answered

Percent of People with Each Score

Your Score History

You have not taken this quiz since the last reset